Statistics for Saudi Professional League Teams

Click here to take the quiz!

General Stats

  • This quiz has been taken 25 times
  • The average score is 9 of 16

Answer Stats

HintAnswer% Correct
F.C.Al-Hilal
100%
F.C.Al-Nassr
100%
F.C.Al-Ittihad
95%
F.C.Al-Shabab
84%
S.F.C.Al-Ahli
79%
F.C.Al-Fateh
58%
F.C.Al-Wehda
53%
F.C.Damac
53%
F.C.Ettifaq
53%
F.C.Abha
47%
F.C.Al-Raed
47%
F.C.Al-Khaleej
42%
F.C.Al-Taawoun
37%
F.C.Al-Ta'ee
32%
F.C.Al-Feiha
21%
F.C.Al-Akhdoud
16%

Score Distribution

Percentile by Number Answered

Percent of People with Each Score

Your Score History

You have not taken this quiz